中国所有全国双拥模范城市(城市点位地图版) - Statistics

General Stats
  • This quiz has been taken 7 times
  • The average score is 273 of 411
Answers on the Map
Answers color-coded by a green-red scale on the quiz's map according to % correct below.
 
Answer Stats
省级行政区 县级行政区 % Correct
北京市 东城区
100%
北京市 西城区
100%
北京市 朝阳区
100%
北京市 石景山区
100%
北京市 海淀区
100%
北京市 房山区
100%
北京市 通州区
100%
北京市 昌平区
100%
北京市 延庆区
100%
辽宁省 朝阳市
100%
黑龙江省 大庆市
100%
北京市 丰台区
80%
北京市 门头沟区
80%
北京市 大兴区
80%
北京市 怀柔区
80%
天津市 滨海新区
80%
河北省 石家庄市
80%
河北省 唐山市
80%
河北省 秦皇岛市
80%
河北省 邯郸市
80%
河北省 张家口市
80%
河北省 沧州市
80%
山西省 太原市
80%
山西省 大同市
80%
山西省 阳泉市
80%
山西省 长治市
80%
山西省 晋城市
80%
山西省 朔州市
80%
山西省 晋中市
80%
山西省 运城市
80%
山西省 忻州市
80%
内蒙古自治区 呼和浩特市
80%
内蒙古自治区 包头市
80%
内蒙古自治区 乌海市
80%
内蒙古自治区 赤峰市
80%
内蒙古自治区 通辽市
80%
内蒙古自治区 鄂尔多斯市
80%
内蒙古自治区 呼伦贝尔市
80%
内蒙古自治区 二连浩特市
80%
辽宁省 沈阳市
80%
辽宁省 大连市
80%
辽宁省 鞍山市
80%
辽宁省 本溪市
80%
辽宁省 丹东市
80%
辽宁省 锦州市
80%
辽宁省 营口市
80%
辽宁省 辽阳市
80%
辽宁省 盘锦市
80%
辽宁省 葫芦岛市
80%
吉林省 长春市
80%
吉林省 吉林市
80%
吉林省 四平市
80%
吉林省 白山市
80%
吉林省 白城市
80%
吉林省 延吉市
80%
黑龙江省 哈尔滨市
80%
黑龙江省 齐齐哈尔市
80%
黑龙江省 鸡西市
80%
黑龙江省 牡丹江市
80%
黑龙江省 黑河市
80%
上海市 黄浦区
80%
上海市 浦东新区
80%
上海市 奉贤区
80%
江苏省 南京市
80%
江苏省 无锡市
80%
江苏省 徐州市
80%
江苏省 常州市
80%
江苏省 苏州市
80%
江苏省 南通市
80%
江苏省 连云港市
80%
江苏省 淮安市
80%
江苏省 盐城市
80%
江苏省 扬州市
80%
江苏省 泰州市
80%
江苏省 宿迁市
80%
江苏省 常熟市
80%
江苏省 张家港市
80%
浙江省 杭州市
80%
浙江省 宁波市
80%
浙江省 温州市
80%
浙江省 嘉兴市
80%
浙江省 湖州市
80%
浙江省 绍兴市
80%
浙江省 金华市
80%
浙江省 衢州市
80%
浙江省 舟山市
80%
浙江省 台州市
80%
浙江省 丽水市
80%
浙江省 义乌市
80%
安徽省 合肥市
80%
安徽省 芜湖市
80%
安徽省 蚌埠市
80%
安徽省 马鞍山市
80%
安徽省 淮北市
80%
安徽省 安庆市
80%
安徽省 黄山市
80%
安徽省 宿州市
80%
安徽省 六安市
80%
安徽省 池州市
80%
福建省 福州市
80%
福建省 厦门市
80%
福建省 莆田市
80%
福建省 三明市
80%
福建省 泉州市
80%
福建省 漳州市
80%
福建省 宁德市
80%
福建省 福清市
80%
福建省 南安市
80%
福建省 武夷山市
80%
江西省 南昌市
80%
江西省 景德镇市
80%
江西省 萍乡市
80%
江西省 九江市
80%
江西省 新余市
80%
江西省 赣州市
80%
江西省 宜春市
80%
江西省 抚州市
80%
山东省 济南市
80%
山东省 青岛市
80%
山东省 淄博市
80%
山东省 枣庄市
80%
山东省 东营市
80%
山东省 烟台市
80%
山东省 潍坊市
80%
山东省 济宁市
80%
山东省 泰安市
80%
山东省 威海市
80%
山东省 日照市
80%
山东省 临沂市
80%
山东省 德州市
80%
山东省 聊城市
80%
山东省 滨州市
80%
山东省 菏泽市
80%
河南省 郑州市
80%
河南省 开封市
80%
河南省 洛阳市
80%
河南省 安阳市
80%
河南省 鹤壁市
80%
河南省 新乡市
80%
河南省 焦作市
80%
河南省 许昌市
80%
河南省 三门峡市
80%
河南省 南阳市
80%
河南省 商丘市
80%
河南省 周口市
80%
河南省 驻马店市
80%
河南省 邓州市
80%
河南省 新县
80%
湖北省 武汉市
80%
湖北省 十堰市
80%
湖北省 宜昌市
80%
湖北省 襄阳市
80%
湖北省 孝感市
80%
湖北省 荆州市
80%
湖北省 黄冈市
80%
湖北省 恩施土家族苗族自治州
80%
湖北省 赤壁市
80%
湖南省 长沙市
80%
湖南省 株洲市
80%
湖南省 湘潭市
80%
湖南省 衡阳市
80%
湖南省 邵阳市
80%
湖南省 常德市
80%
湖南省 怀化市
80%
湖南省 娄底市
80%
湖南省 长沙县
80%
广东省 广州市
80%
广东省 深圳市
80%
广东省 珠海市
80%
广东省 汕头市
80%
广东省 佛山市
80%
广东省 江门市
80%
广东省 湛江市
80%
广东省 肇庆市
80%
广东省 惠州市
80%
广东省 梅州市
80%
广东省 河源市
80%
广东省 阳江市
80%
广东省 清远市
80%
广东省 东莞市
80%
广东省 中山市
80%
广西壮族自治区 南宁市
80%
广西壮族自治区 柳州市
80%
广西壮族自治区 桂林市
80%
广西壮族自治区 梧州市
80%
广西壮族自治区 防城港市
80%
广西壮族自治区 贵港市
80%
广西壮族自治区 玉林市
80%
广西壮族自治区 百色市
80%
广西壮族自治区 贺州市
80%
海南省 海口市
80%
海南省 三亚市
80%
海南省 三沙市
80%
海南省 儋州市
80%
海南省 琼海市
80%
海南省 东方市
80%
重庆市 万州区
80%
重庆市 渝中区
80%
重庆市 九龙坡区
80%
重庆市 渝北区
80%
四川省 成都市
80%
四川省 泸州市
80%
四川省 绵阳市
80%
四川省 广元市
80%
四川省 遂宁市
80%
四川省 乐山市
80%
四川省 宜宾市
80%
四川省 达州市
80%
四川省 巴中市
80%
贵州省 贵阳市
80%
贵州省 六盘水市
80%
贵州省 遵义市
80%
贵州省 安顺市
80%
贵州省 毕节市
80%
云南省 昆明市
80%
云南省 曲靖市
80%
云南省 玉溪市
80%
云南省 普洱市
80%
云南省 临沧市
80%
云南省 楚雄市
80%
西藏自治区 拉萨市
80%
西藏自治区 日喀则市
80%
陕西省 西安市
80%
陕西省 宝鸡市
80%
陕西省 咸阳市
80%
陕西省 延安市
80%
陕西省 汉中市
80%
陕西省 安康市
80%
甘肃省 兰州市
80%
甘肃省 金昌市
80%
甘肃省 天水市
80%
甘肃省 张掖市
80%
甘肃省 平凉市
80%
甘肃省 酒泉市
80%
甘肃省 定西市
80%
青海省 西宁市
80%
青海省 格尔木市
80%
宁夏回族自治区 银川市
80%
宁夏回族自治区 吴忠市
80%
新疆维吾尔自治区 乌鲁木齐市
80%
新疆维吾尔自治区 克拉玛依市
80%
新疆维吾尔自治区 吐鲁番市
80%
新疆维吾尔自治区 昌吉市
80%
新疆维吾尔自治区 喀什市
80%
新疆维吾尔自治区 和田市
80%
北京市 顺义区
60%
天津市 和平区
60%
天津市 河东区
60%
天津市 河西区
60%
天津市 河北区
60%
天津市 蓟州区
60%
河北省 保定市
60%
河北省 承德市
60%
河北省 廊坊市
60%
山西省 吕梁市
60%
内蒙古自治区 巴彦淖尔市
60%
内蒙古自治区 满洲里市
60%
内蒙古自治区 额济纳旗
60%
辽宁省 阜新市
60%
吉林省 通化市
60%
黑龙江省 双鸭山市
60%
黑龙江省 伊春市
60%
黑龙江省 佳木斯市
60%
黑龙江省 鸡东县
60%
黑龙江省 同江市
60%
上海市 徐汇区
60%
上海市 长宁区
60%
上海市 静安区
60%
上海市 虹口区
60%
上海市 杨浦区
60%
上海市 闵行区
60%
上海市 宝山区
60%
上海市 嘉定区
60%
上海市 松江区
60%
上海市 崇明区
60%
江苏省 江阴市
60%
江苏省 宜兴市
60%
江苏省 新沂市
60%
江苏省 太仓市
60%
浙江省 象山县
60%
浙江省 瑞安市
60%
浙江省 平湖市
60%
安徽省 铜陵市
60%
安徽省 滁州市
60%
安徽省 亳州市
60%
安徽省 宣城市
60%
福建省 南平市
60%
福建省 龙岩市
60%
福建省 石狮市
60%
福建省 晋江市
60%
江西省 吉安市
60%
江西省 井冈山市
60%
河南省 平顶山市
60%
湖北省 红安县
60%
湖南省 韶山市
60%
广东省 韶关市
60%
海南省 文昌市
60%
海南省 陵水黎族自治县
60%
重庆市 沙坪坝区
60%
重庆市 南岸区
60%
重庆市 巴南区
60%
重庆市 铜梁区
60%
重庆市 开州区
60%
重庆市 武隆区
60%
四川省 广安市
60%
四川省 邛崃市
60%
四川省 崇州市
60%
四川省 西昌市
60%
贵州省 黔西南布依族苗族自治州
60%
云南省 蒙自市
60%
云南省 芒市
60%
云南省 香格里拉市
60%
西藏自治区 亚东县
60%
西藏自治区 米林市
60%
西藏自治区 错那市
60%
陕西省 渭南市
60%
陕西省 商洛市
60%
陕西省 神木市
60%
甘肃省 白银市
60%
甘肃省 武威市
60%
青海省 德令哈市
60%
宁夏回族自治区 青铜峡市
60%
新疆维吾尔自治区 哈密市
60%
新疆维吾尔自治区 库尔勒市
60%
新疆维吾尔自治区 阿克苏市
60%
新疆维吾尔自治区 奎屯市
60%
新疆维吾尔自治区 石河子市
60%
新疆维吾尔自治区 阿拉尔市
60%
天津市 南开区
40%
天津市 东丽区
40%
天津市 西青区
40%
天津市 北辰区
40%
天津市 武清区
40%
河北省 正定县
40%
河北省 涿州市
40%
河北省 高碑店市
40%
河北省 大厂回族自治县
40%
内蒙古自治区 乌兰察布市
40%
内蒙古自治区 乌兰浩特市
40%
吉林省 梅河口市
40%
吉林省 洮南市
40%
吉林省 珲春市
40%
黑龙江省 克山县
40%
上海市 普陀区
40%
浙江省 长兴县
40%
福建省 连江县
40%
福建省 永安市
40%
福建省 上杭县
40%
山东省 龙口市
40%
山东省 荣成市
40%
山东省 蒙阴县
40%
河南省 巩义市
40%
河南省 永城市
40%
湖北省 当阳市
40%
湖北省 谷城县
40%
湖北省 广水市
40%
广东省 博罗县
40%
广西壮族自治区 凭祥市
40%
重庆市 江北区
40%
重庆市 黔江区
40%
重庆市 江津区
40%
四川省 资阳市
40%
四川省 阿坝藏族羌族自治州
40%
四川省 隆昌市
40%
云南省 开远市
40%
云南省 麻栗坡县
40%
西藏自治区 当雄县
40%
西藏自治区 日土县
40%
陕西省 子长市
40%
新疆维吾尔自治区 博乐市
40%
新疆维吾尔自治区 乌苏市
40%
河北省 平山县
20%
河北省 乐亭县
20%
河北省 涉县
20%
河北省 怀来县
20%
山西省 岢岚县
20%
辽宁省 望花区
20%
吉林省 柳河县
20%
吉林省 长白朝鲜族自治县
20%
吉林省 敦化市
20%
黑龙江省 萝北县
20%
福建省 东山县
20%
福建省 连城县
20%
江西省 贵溪市
20%
江西省 兴国县
20%
江西省 德兴市
20%
山东省 嘉祥县
20%
湖南省 嘉禾县
20%
湖南省 会同县
20%
广西壮族自治区 灵山县
20%
广西壮族自治区 东兰县
20%
广西壮族自治区 象州县
20%
四川省 金堂县
20%
贵州省 思南县
20%
贵州省 从江县
20%
贵州省 福泉市
20%
西藏自治区 比如县
20%
西藏自治区 札达县
20%
陕西省 武功县
20%
陕西省 富平县
20%
青海省 大通回族土族自治县
20%
青海省 平安区
20%
青海省 泽库县
20%
青海省 班玛县
20%
宁夏回族自治区 贺兰县
20%
宁夏回族自治区 彭阳县
20%
宁夏回族自治区 中宁县
20%
新疆维吾尔自治区 乌恰县
20%
新疆维吾尔自治区 疏勒县
20%
新疆维吾尔自治区 沙湾市
20%
新疆维吾尔自治区 哈巴河县
20%
No matching quizzes found
Score Distribution
Percent of People with Each Score
Percentile by Number Answered
Your Score History
You have not taken this quiz